All countries That Have At Least One F1 Driver - Statistics

General Stats
  • This quiz has been taken 73 times
  • The average score is 35 of 40
Answers on the Map
Answers color-coded by a green-red scale on the quiz's map according to % correct below.
 
Answer Stats
Answer % Correct
32 Brazil
100%
71 France
100%
99 Italy
100%
5 Portugal
100%
15 Spain
100%
162 United Kingdom
100%
159 United States
100%
25 Argentina
98%
18 Australia
98%
15 Canada
98%
1 China
98%
57 Germany
98%
21 Japan
98%
6 Mexico
98%
4 Russia
98%
11 Sweden
98%
16 Austria
97%
9 Finland
97%
2 India
97%
23 South Africa
97%
24 Switzerland
97%
17 Netherlands
95%
1 Poland
95%
5 Denmark
94%
5 Ireland
92%
24 Belgium
90%
1 Chile
90%
10 New Zealand
90%
3 Colombia
84%
1 Morocco
82%
1 Hungary
79%
1 Czech Republic
77%
2 Thailand
76%
1 Indonesia
74%
5 Monaco
74%
4 Uruguay
73%
3 Venezuela
73%
1 Malaysia
65%
1 Liechtenstein
37%
5 Zimbabwe
31%
No matching quizzes found
Score Distribution
Percent of People with Each Score
Percentile by Number Answered
Your Score History
You have not taken this quiz